000 00505cam a2200181 4500
001 D1810
008 090401t1976 xxu||||| |||| 00| 0 eng d
035 _a(Sirsi) u65952
041 _aeng
050 _a690.03
100 _aBucksch, Herbert
245 _aDictionary of architecture, building construction and materials. volume 2 English-German
260 _aPlymouth / Berlin
_bMacdonald and Evans / Bauverlag
_c1976
300 _a1146p. 21cm
350 _a58.5
942 _n0
948 _c04/03/1997
999 _c94803
_d94803